000 00237nam a2200097Ia 4500
001 682696
005 20250826161424.0
008 250824s9999 xx 000 0 und d
245 0 _aYAĞMUR YÜKLÜ BULUTLAR
_cORHAN KEMAL
260 _bEVEREST
999 _c682696
_d682696